Kadra Realu Madryt w LM 2019/2020 - Statystyki

Ogólne statystyki
  • Ten quiz został rozwiązany 193 razy
  • Średni wynik to 22 z 26
Statystyki odpowiedzi
pozycja # kraj piłkarz % Poprawnych
N 9 Francja Karim Benzema
96%
P 10 Chorwacja Luka Modric
96%
N 11 Walia Gareth Bale
95%
O 4 Hiszpania Sergio Ramos
94%
P 8 Niemcy Toni Kroos
94%
N 7 Belgia Eden Hazard
93%
O 12 Brazylia Marcelo
93%
B 13 Belgia Thibaut Courtois
93%
N 25 Brazylia Vinicius Junior
92%
Trener - Francja Zinedine Zidane
92%
P 14 Brazylia Casemiro
91%
P 15 Urugwaj Federico Valverde
91%
O 5 Francja Raphael Varane
91%
N 18 Serbia Luka Jovic
89%
P 16 Kolumbia James Rodriguez
88%
O 23 Francja Ferland Mendy
85%
N 27 Brazylia Rodrygo
85%
O 2 Hiszpania Dani Carvajal
84%
O 3 Brazylia Eder Militao
83%
O 6 Hiszpania Nacho
81%
P 22 Hiszpania Isco
77%
N 24 Dominikana Mariano Diaz
75%
B 1 Francja Alphonse Areola
74%
N 17 Hiszpania Lucas Vazquez
67%
N 21 Hiszpania Brahim Diaz
46%
B 26 Hiszpania Diego Altube
13%
Nie znaleziono quizów pasujących do podanych kryteriów
Rozkład punktacji
Procent ludzi z każdym wynikiem
Percentyl według liczby udzielonych odpowiedzi
Twoja historia wyników
Nie rozwiązałeś tego quizu